Central Library OPAC University of Rajshahi

تاريخ ابي الفداء المسمى المختصر في اخبار البشر.;;tarikh abi alfida' almusamaa almukhtasar fi akhbar albashari./ (Record no. 78844)

MARC details
000 -LEADER
fixed length control field 01029aaa a2200193 a 4500
001 - CONTROL NUMBER
control field 78844
003 - CONTROL NUMBER IDENTIFIER
rucl marc code BD-RjUL
005 - DATE AND TIME OF LATEST TRANSACTION
control field 20211209083159.0
008 - FIXED-LENGTH DATA ELEMENTS--GENERAL INFORMATION
fixed length control field 211121s195? le ||||| |||| 00| 0 ara d
035 ## - SYSTEM CONTROL NUMBER
System control number (BD-RjUL)79071
040 ## - CATALOGING SOURCE
Original cataloging agency BD-RjUL
Language of cataloging eng
Transcribing agency BD-RjUL
041 ## - LANGUAGE CODE
Language code of text/sound track or separate title ara
082 ## - DEWEY DECIMAL CLASSIFICATION NUMBER
Edition number 23
Classification number 297.09
245 10 - TITLE STATEMENT
Title تاريخ ابي الفداء المسمى المختصر في اخبار البشر.;;tarikh abi alfida' almusamaa almukhtasar fi akhbar albashari./
Statement of responsibility, etc. الملك المؤيد عماد الدين ابي الفداء اسماعيل بن علي بن مح almalik almuayid eimad aldiyn abi alfida' asmaeil bin eali bin mahmud aibn eumar bin shahinshah bin ayub ; ellq ealayh wawadae hawashih mahmud diub diuba, mahmuمود ابن عمر بن شاهنشاه بن ايوب ; علّق عليه ووضع حواشيه محمود ديوب ديوب، محمو
260 ## - PUBLICATION, DISTRIBUTION, ETC. (IMPRINT)
Place of publication, distribution, etc. misr :
Name of publisher, distributor, etc. دار الكتب العلمية،
Date of publication, distribution, etc. 195?
300 ## - PHYSICAL DESCRIPTION
Pagination v. ;
Size 26 cm
650 ## - SUBJECT ADDED ENTRY--TOPICAL TERM
Topical term or geographic name as entry element History
Form subdivision Islam
General subdivision Biography
9 (RLIN) 250288
942 ## - ADDED ENTRY ELEMENTS (KOHA)
Source of classification or shelving scheme Dewey Decimal Classification
Koha item type Books
Holdings
Lost status Source of classification or shelving scheme Damaged status Not for loan Collection code Permanent Location Current Location Shelving location Date acquired Total Checkouts Full call number Date last seen Copy number Koha item type
  Dewey Decimal Classification   Not For Loan Non-fiction Central Library, University of Rajshahi Central Library, University of Rajshahi Reading Room 21/11/2021   A 297.09 ABT V-1 195? 21/11/2021 C-1 Books